| 000 | 00631nam a2200229Ia 4500 | ||
|---|---|---|---|
| 003 | OSt | ||
| 005 | 20221005073150.0 | ||
| 006 | a|||||r|||| 00| 0 | ||
| 007 | ta | ||
| 008 | 221004b |||||||| |||| 00| 0 eng d | ||
| 024 | _a103073 | ||
| 037 | _cTextual | ||
| 040 |
_aCRL _cCRL _beng |
||
| 041 |
_2eng _aeng |
||
| 082 | _aQ7xN25, P5 | ||
| 100 |
_aKhan Maulana Wahiduddin _926820 |
||
| 245 | 0 |
_aProphet Muhammad _b Simple guide to his life |
|
| 260 |
_aNew Delhi _bGoodword Books India _c2005 |
||
| 300 |
_a220p. _ccm. |
||
| 942 |
_hQ7xN25, P5 _cTEXL _2cc |
||
| 999 |
_c980678 _d980678 |
||